|
|
|
|
| LEADER |
00000nab a2200000 a 4500 |
| 001 |
vtls008184849 |
| 003 |
SK-MaSNL |
| 005 |
20260319070628.0 |
| 008 |
160405c2005 xo |||||||| 000 b|hun |
| 015 |
|
|
|a SNBRB2005/06
|2 snkbucl
|
| 038 |
|
|
|a SNKBUCL
|
| 040 |
|
|
|a DSZK
|b slo
|c DSZK
|e AACR2
|
| 041 |
0 |
|
|a hun
|
| 044 |
|
|
|a xo
|c SK
|
| 080 |
|
|
|a 791.44.071.2
|2 1997
|
| 100 |
1 |
|
|a Szabó, László G.,
|d 1955-
|4 ivr
|4 aut
|9 840019
|
| 245 |
1 |
0 |
|a A hetedik nap után
|b Carlos Saurának továbbra is vannak rejtett (filmes) tartalékai
|c Szabó G. László
|
| 300 |
|
|
|b Fotogr.
|
| 600 |
1 |
7 |
|a Saura, Carlos
|d 1932-
|2 snkbucl
|9 908818
|
| 700 |
1 |
|
|a Carlos, Saura
|d 1932-
|4 ive
|4 aut
|9 1082066
|
| 773 |
0 |
|
|t Vasárnap
|g Évf. 38, sz. 25 (2005), o. 22-23
|
| 852 |
|
|
|a SNK
|b KIS3GCP
|
| 852 |
|
|
|a DSZK
|b KIS3GCP
|
| 958 |
|
|
|a HU
|
| 958 |
|
|
|a ES
|
| 999 |
|
|
|c 1780013
|d 1781943
|